|
|
|
|
| LEADER |
01604nam a2200421Ia 4500 |
| 001 |
EBC3339255 |
| 003 |
MiAaPQ |
| 005 |
20191030193401.0 |
| 006 |
m o d | |
| 007 |
cr cn||||||||| |
| 008 |
100916s2011 mau sb 001 0 eng d |
| 010 |
|
|
|z 2010039562
|
| 020 |
|
|
|z 0262015617
|
| 020 |
|
|
|z 9780262015615
|
| 020 |
|
|
|a 9780262295789 (electronic bk.)
|
| 035 |
|
|
|a (MiAaPQ)EBC3339255
|
| 035 |
|
|
|a (Au-PeEL)EBL3339255
|
| 035 |
|
|
|a (CaPaEBR)ebr10479199
|
| 035 |
|
|
|a (CaONFJC)MIL314813
|
| 035 |
|
|
|a (OCoLC)738434165
|
| 040 |
|
|
|a MiAaPQ
|c MiAaPQ
|d MiAaPQ
|
| 050 |
|
4 |
|a HG181
|b .N49 2011
|
| 082 |
0 |
4 |
|a 332.10973
|2 22
|
| 245 |
0 |
0 |
|a New directions in financial services regulation
|h [electronic resource] /
|c editors, Roger B. Porter, Robert R. Glauber, Thomas J. Healey.
|
| 260 |
|
|
|a Cambridge, Mass. :
|b MIT Press,
|c c2011.
|
| 300 |
|
|
|a ix, 227 p.
|
| 504 |
|
|
|a Includes bibliographical references and index.
|
| 533 |
|
|
|a Electronic reproduction. Ann Arbor, MI : ProQuest, 2016. Available via World Wide Web. Access may be limited to ProQuest affiliated libraries.
|
| 650 |
|
0 |
|a Financial institutions
|x Government policy
|z United States.
|
| 650 |
|
0 |
|a Financial services industry
|x Government policy
|z United States.
|
| 650 |
|
0 |
|a Finance
|z United States.
|
| 650 |
|
0 |
|a Global Financial Crisis, 2008-2009.
|
| 655 |
|
4 |
|a Electronic books.
|
| 700 |
1 |
|
|a Porter, Roger B.
|
| 700 |
1 |
|
|a Glauber, Robert R.
|
| 700 |
1 |
|
|a Healey, Thomas J.,
|d 1942-
|
| 710 |
2 |
|
|a ProQuest (Firm)
|
| 856 |
4 |
0 |
|u https://ebookcentral.proquest.com/lib/matrademy/detail.action?docID=3339255
|z Click to View
|